<?xml version="1.0" encoding="UTF-8"?>
<record
    xmlns:xsi="http://www.w3.org/2001/XMLSchema-instance"
    xsi:schemaLocation="http://www.loc.gov/MARC21/slim http://www.loc.gov/standards/marcxml/schema/MARC21slim.xsd"
    xmlns="http://www.loc.gov/MARC21/slim">

  <leader>00841nas a2200241 454500</leader>
  <controlfield tag="001">10132</controlfield>
  <controlfield tag="005">20260407193504.0</controlfield>
  <controlfield tag="008">260407s1974####ag###########|||spa#d</controlfield>
  <controlfield tag="003">AR-UNSa-BCEJYS</controlfield>
  <datafield tag="040" ind1=" " ind2=" ">
    <subfield code="a">AR-UNSa-BCEJYS</subfield>
    <subfield code="b">spa</subfield>
    <subfield code="c">AR-UNSa-BCEJYS</subfield>
  </datafield>
  <datafield tag="080" ind1=" " ind2=" ">
    <subfield code="a">349.2</subfield>
    <subfield code="x">Derecho del Trabajo</subfield>
  </datafield>
  <datafield tag="245" ind1="1" ind2="0">
    <subfield code="a">Legislaci&#xF3;n del trabajo</subfield>
    <subfield code="p">sumario</subfield>
  </datafield>
  <datafield tag="022" ind1=" " ind2=" ">
    <subfield code="a">0455-5570</subfield>
  </datafield>
  <datafield tag="264" ind1=" " ind2="1">
    <subfield code="a">Buenos Aires :</subfield>
    <subfield code="b">Ediciones Contabilidad Moderna</subfield>
    <subfield code="c">1974</subfield>
  </datafield>
  <datafield tag="310" ind1=" " ind2=" ">
    <subfield code="a">Frecuencia: Mensual
Cambia de Dir. a partir del N&#xBA; 373 por Juan Carlos Fern&#xE1;ndez Madrid</subfield>
  </datafield>
  <datafield tag="942" ind1=" " ind2=" ">
    <subfield code="c">SER</subfield>
  </datafield>
  <datafield tag="590" ind1=" " ind2=" ">
    <subfield code="a">niveau_biblio:s niveau_hierar:1</subfield>
  </datafield>
  <datafield tag="100" ind1="1" ind2=" ">
    <subfield code="a">Raimondi, Carlos A.</subfield>
  </datafield>
  <datafield tag="650" ind1=" " ind2=" ">
    <subfield code="a">Trabajo</subfield>
  </datafield>
  <datafield tag="650" ind1=" " ind2=" ">
    <subfield code="a">Derecho del trabajo</subfield>
  </datafield>
  <datafield tag="650" ind1=" " ind2=" ">
    <subfield code="a">Legislaci&#xF3;n</subfield>
  </datafield>
  <datafield tag="856" ind1="4" ind2="1">
    <subfield code="u">https://biblioeco.unsa.edu.ar/pmb/images/revistas/Legislacion del Trabajo.jpg</subfield>
    <subfield code="y">Imagen de portada</subfield>
    <subfield code="q">image/jpeg</subfield>
  </datafield>
  <datafield tag="999" ind1=" " ind2=" ">
    <subfield code="c">8439</subfield>
    <subfield code="d">8439</subfield>
  </datafield>
  <datafield tag="952" ind1=" " ind2=" ">
    <subfield code="0">0</subfield>
    <subfield code="1">0</subfield>
    <subfield code="4">0</subfield>
    <subfield code="7">0</subfield>
    <subfield code="a">BCEJYS</subfield>
    <subfield code="b">BCEJYS</subfield>
    <subfield code="c">17</subfield>
    <subfield code="d">1989-11-01</subfield>
    <subfield code="h">A&#xF1;o XXXVII, N&#xBA; 443 - nov. 1989</subfield>
    <subfield code="l">0</subfield>
    <subfield code="o">H349.2 LEG 443</subfield>
    <subfield code="p">R05919</subfield>
    <subfield code="r">2026-04-10 16:07:11</subfield>
    <subfield code="w">2026-04-10</subfield>
    <subfield code="y">RN</subfield>
  </datafield>
  <datafield tag="952" ind1=" " ind2=" ">
    <subfield code="0">0</subfield>
    <subfield code="1">0</subfield>
    <subfield code="4">0</subfield>
    <subfield code="7">0</subfield>
    <subfield code="a">BCEJYS</subfield>
    <subfield code="b">BCEJYS</subfield>
    <subfield code="c">17</subfield>
    <subfield code="d">1989-10-01</subfield>
    <subfield code="h">A&#xF1;o XXXVII, N&#xBA; 442 - oct. 1989</subfield>
    <subfield code="l">0</subfield>
    <subfield code="o">H349.2 LEG 442</subfield>
    <subfield code="p">R05918</subfield>
    <subfield code="r">2026-04-10 16:07:11</subfield>
    <subfield code="w">2026-04-10</subfield>
    <subfield code="y">RN</subfield>
  </datafield>
  <datafield tag="952" ind1=" " ind2=" ">
    <subfield code="0">0</subfield>
    <subfield code="1">0</subfield>
    <subfield code="4">0</subfield>
    <subfield code="7">0</subfield>
    <subfield code="a">BCEJYS</subfield>
    <subfield code="b">BCEJYS</subfield>
    <subfield code="c">17</subfield>
    <subfield code="d">1989-09-01</subfield>
    <subfield code="h">A&#xF1;o XXXVII, N&#xBA; 441 - sep. 1989</subfield>
    <subfield code="l">0</subfield>
    <subfield code="o">H349.2 LEG 441</subfield>
    <subfield code="p">R05917</subfield>
    <subfield code="r">2026-04-10 16:07:11</subfield>
    <subfield code="w">2026-04-10</subfield>
    <subfield code="y">RN</subfield>
  </datafield>
  <datafield tag="952" ind1=" " ind2=" ">
    <subfield code="0">0</subfield>
    <subfield code="1">0</subfield>
    <subfield code="4">0</subfield>
    <subfield code="7">0</subfield>
    <subfield code="a">BCEJYS</subfield>
    <subfield code="b">BCEJYS</subfield>
    <subfield code="c">17</subfield>
    <subfield code="d">1989-08-01</subfield>
    <subfield code="h">A&#xF1;o XXXVII, N&#xBA;440 - ago. 1989</subfield>
    <subfield code="l">0</subfield>
    <subfield code="o">H349.2 LEG 440</subfield>
    <subfield code="p">R05916</subfield>
    <subfield code="r">2026-04-10 16:07:11</subfield>
    <subfield code="w">2026-04-10</subfield>
    <subfield code="y">RN</subfield>
  </datafield>
  <datafield tag="952" ind1=" " ind2=" ">
    <subfield code="0">0</subfield>
    <subfield code="1">0</subfield>
    <subfield code="4">0</subfield>
    <subfield code="7">0</subfield>
    <subfield code="a">BCEJYS</subfield>
    <subfield code="b">BCEJYS</subfield>
    <subfield code="c">17</subfield>
    <subfield code="d">1989-07-01</subfield>
    <subfield code="h">A&#xF1;o XXXVII, N&#xBA; 439 - jul. 1989</subfield>
    <subfield code="l">0</subfield>
    <subfield code="o">H349.2 LEG 439</subfield>
    <subfield code="p">R05915</subfield>
    <subfield code="r">2026-04-10 16:07:11</subfield>
    <subfield code="w">2026-04-10</subfield>
    <subfield code="y">RN</subfield>
  </datafield>
  <datafield tag="952" ind1=" " ind2=" ">
    <subfield code="0">0</subfield>
    <subfield code="1">0</subfield>
    <subfield code="4">0</subfield>
    <subfield code="7">0</subfield>
    <subfield code="a">BCEJYS</subfield>
    <subfield code="b">BCEJYS</subfield>
    <subfield code="c">17</subfield>
    <subfield code="d">1988-11-01</subfield>
    <subfield code="h">A&#xF1;o XXXVI, N&#xBA; 431/432 - nov./dic. 1988</subfield>
    <subfield code="l">0</subfield>
    <subfield code="o">H349.2 LEG 431/432</subfield>
    <subfield code="p">R05913</subfield>
    <subfield code="r">2026-04-10 16:07:11</subfield>
    <subfield code="w">2026-04-10</subfield>
    <subfield code="y">RN</subfield>
  </datafield>
  <datafield tag="952" ind1=" " ind2=" ">
    <subfield code="0">0</subfield>
    <subfield code="1">0</subfield>
    <subfield code="4">0</subfield>
    <subfield code="7">0</subfield>
    <subfield code="a">BCEJYS</subfield>
    <subfield code="b">BCEJYS</subfield>
    <subfield code="c">17</subfield>
    <subfield code="d">1988-11-01</subfield>
    <subfield code="h">A&#xF1;o XXXVI, N&#xBA; 431/432 - nov./dic. 1988</subfield>
    <subfield code="l">0</subfield>
    <subfield code="o">H349.2 LEG 431/432 Ej.2</subfield>
    <subfield code="p">R05914</subfield>
    <subfield code="r">2026-04-10 16:07:11</subfield>
    <subfield code="w">2026-04-10</subfield>
    <subfield code="y">RN</subfield>
  </datafield>
  <datafield tag="952" ind1=" " ind2=" ">
    <subfield code="0">0</subfield>
    <subfield code="1">0</subfield>
    <subfield code="4">0</subfield>
    <subfield code="7">0</subfield>
    <subfield code="a">BCEJYS</subfield>
    <subfield code="b">BCEJYS</subfield>
    <subfield code="c">17</subfield>
    <subfield code="d">1988-09-01</subfield>
    <subfield code="h">A&#xF1;o XXXVI, N&#xBA; 429/430 - sep./oct. 1988</subfield>
    <subfield code="l">0</subfield>
    <subfield code="o">H349.2 LEG 429/430</subfield>
    <subfield code="p">R05911</subfield>
    <subfield code="r">2026-04-10 16:07:11</subfield>
    <subfield code="w">2026-04-10</subfield>
    <subfield code="y">RN</subfield>
  </datafield>
  <datafield tag="952" ind1=" " ind2=" ">
    <subfield code="0">0</subfield>
    <subfield code="1">0</subfield>
    <subfield code="4">0</subfield>
    <subfield code="7">0</subfield>
    <subfield code="a">BCEJYS</subfield>
    <subfield code="b">BCEJYS</subfield>
    <subfield code="c">17</subfield>
    <subfield code="d">1988-09-01</subfield>
    <subfield code="h">A&#xF1;o XXXVI, N&#xBA; 429/430 - sep./oct. 1988</subfield>
    <subfield code="l">0</subfield>
    <subfield code="o">H349.2 LEG 429/430 Ej.2</subfield>
    <subfield code="p">R05912</subfield>
    <subfield code="r">2026-04-10 16:07:11</subfield>
    <subfield code="w">2026-04-10</subfield>
    <subfield code="y">RN</subfield>
  </datafield>
  <datafield tag="952" ind1=" " ind2=" ">
    <subfield code="0">0</subfield>
    <subfield code="1">0</subfield>
    <subfield code="4">0</subfield>
    <subfield code="7">0</subfield>
    <subfield code="a">BCEJYS</subfield>
    <subfield code="b">BCEJYS</subfield>
    <subfield code="c">17</subfield>
    <subfield code="d">1988-07-01</subfield>
    <subfield code="h">A&#xF1;o XXXVI, N&#xBA; 427/428 - jul./ago. 1988</subfield>
    <subfield code="l">0</subfield>
    <subfield code="o">H349.2 LEG 427/428</subfield>
    <subfield code="p">R05910</subfield>
    <subfield code="r">2026-04-10 16:07:11</subfield>
    <subfield code="w">2026-04-10</subfield>
    <subfield code="y">RN</subfield>
  </datafield>
  <datafield tag="952" ind1=" " ind2=" ">
    <subfield code="0">0</subfield>
    <subfield code="1">0</subfield>
    <subfield code="4">0</subfield>
    <subfield code="7">0</subfield>
    <subfield code="a">BCEJYS</subfield>
    <subfield code="b">BCEJYS</subfield>
    <subfield code="c">17</subfield>
    <subfield code="d">1988-05-01</subfield>
    <subfield code="h">A&#xF1;o XXXVI, N&#xBA; 425/426 - mayo/jun. 1988</subfield>
    <subfield code="l">0</subfield>
    <subfield code="o">H349.2 LEG 425/426</subfield>
    <subfield code="p">R05909</subfield>
    <subfield code="r">2026-04-10 16:07:11</subfield>
    <subfield code="w">2026-04-10</subfield>
    <subfield code="y">RN</subfield>
  </datafield>
  <datafield tag="952" ind1=" " ind2=" ">
    <subfield code="0">0</subfield>
    <subfield code="1">0</subfield>
    <subfield code="4">0</subfield>
    <subfield code="7">0</subfield>
    <subfield code="a">BCEJYS</subfield>
    <subfield code="b">BCEJYS</subfield>
    <subfield code="c">17</subfield>
    <subfield code="d">1988-04-01</subfield>
    <subfield code="h">A&#xF1;o XXXVI, N&#xBA; 423/424 - mar./abr. 1988</subfield>
    <subfield code="l">0</subfield>
    <subfield code="o">H349.2 LEG 423/424</subfield>
    <subfield code="p">R05908</subfield>
    <subfield code="r">2026-04-10 16:07:11</subfield>
    <subfield code="w">2026-04-10</subfield>
    <subfield code="y">RN</subfield>
  </datafield>
  <datafield tag="952" ind1=" " ind2=" ">
    <subfield code="0">0</subfield>
    <subfield code="1">0</subfield>
    <subfield code="4">0</subfield>
    <subfield code="7">0</subfield>
    <subfield code="a">BCEJYS</subfield>
    <subfield code="b">BCEJYS</subfield>
    <subfield code="c">17</subfield>
    <subfield code="d">1988-02-01</subfield>
    <subfield code="h">A&#xF1;o XXXVI, N&#xBA; 422 - feb. 1988</subfield>
    <subfield code="l">0</subfield>
    <subfield code="o">H349.2 LEG 422</subfield>
    <subfield code="p">R05907</subfield>
    <subfield code="r">2026-04-10 16:07:11</subfield>
    <subfield code="w">2026-04-10</subfield>
    <subfield code="y">RN</subfield>
  </datafield>
  <datafield tag="952" ind1=" " ind2=" ">
    <subfield code="0">0</subfield>
    <subfield code="1">0</subfield>
    <subfield code="4">0</subfield>
    <subfield code="7">0</subfield>
    <subfield code="a">BCEJYS</subfield>
    <subfield code="b">BCEJYS</subfield>
    <subfield code="c">17</subfield>
    <subfield code="d">1988-01-01</subfield>
    <subfield code="h">A&#xF1;o XXXVI, N&#xBA; 421 - ene. 1988</subfield>
    <subfield code="l">0</subfield>
    <subfield code="o">H349.2 LEG 421</subfield>
    <subfield code="p">R05906</subfield>
    <subfield code="r">2026-04-10 16:07:11</subfield>
    <subfield code="w">2026-04-10</subfield>
    <subfield code="y">RN</subfield>
  </datafield>
  <datafield tag="952" ind1=" " ind2=" ">
    <subfield code="0">0</subfield>
    <subfield code="1">0</subfield>
    <subfield code="4">0</subfield>
    <subfield code="7">0</subfield>
    <subfield code="a">BCEJYS</subfield>
    <subfield code="b">BCEJYS</subfield>
    <subfield code="c">17</subfield>
    <subfield code="d">1987-12-01</subfield>
    <subfield code="h">A&#xF1;o XXXV, N&#xBA; 420 - dic. 1987</subfield>
    <subfield code="l">0</subfield>
    <subfield code="o">H349.2 LEG 420</subfield>
    <subfield code="p">R05905</subfield>
    <subfield code="r">2026-04-10 16:07:11</subfield>
    <subfield code="w">2026-04-10</subfield>
    <subfield code="y">RN</subfield>
  </datafield>
  <datafield tag="952" ind1=" " ind2=" ">
    <subfield code="0">0</subfield>
    <subfield code="1">0</subfield>
    <subfield code="4">0</subfield>
    <subfield code="7">0</subfield>
    <subfield code="a">BCEJYS</subfield>
    <subfield code="b">BCEJYS</subfield>
    <subfield code="c">17</subfield>
    <subfield code="d">1987-11-01</subfield>
    <subfield code="h">A&#xF1;o XXXV, N&#xBA; 419 - nov. 1987</subfield>
    <subfield code="l">0</subfield>
    <subfield code="o">H349.2 LEG 419</subfield>
    <subfield code="p">R05904</subfield>
    <subfield code="r">2026-04-10 16:07:11</subfield>
    <subfield code="w">2026-04-10</subfield>
    <subfield code="y">RN</subfield>
  </datafield>
  <datafield tag="952" ind1=" " ind2=" ">
    <subfield code="0">0</subfield>
    <subfield code="1">0</subfield>
    <subfield code="4">0</subfield>
    <subfield code="7">0</subfield>
    <subfield code="a">BCEJYS</subfield>
    <subfield code="b">BCEJYS</subfield>
    <subfield code="c">17</subfield>
    <subfield code="d">1987-10-01</subfield>
    <subfield code="h">A&#xF1;o XXXV, N&#xBA; 418 - oct. 1987</subfield>
    <subfield code="l">0</subfield>
    <subfield code="o">H349.2 LEG 418</subfield>
    <subfield code="p">R05903</subfield>
    <subfield code="r">2026-04-10 16:07:11</subfield>
    <subfield code="w">2026-04-10</subfield>
    <subfield code="y">RN</subfield>
  </datafield>
  <datafield tag="952" ind1=" " ind2=" ">
    <subfield code="0">0</subfield>
    <subfield code="1">0</subfield>
    <subfield code="4">0</subfield>
    <subfield code="7">0</subfield>
    <subfield code="a">BCEJYS</subfield>
    <subfield code="b">BCEJYS</subfield>
    <subfield code="c">17</subfield>
    <subfield code="d">1987-09-01</subfield>
    <subfield code="h">A&#xF1;o XXXV, N&#xBA; 417 - sep. 1987</subfield>
    <subfield code="l">0</subfield>
    <subfield code="o">H349.2 LEG 417</subfield>
    <subfield code="p">R05902</subfield>
    <subfield code="r">2026-04-10 16:07:11</subfield>
    <subfield code="w">2026-04-10</subfield>
    <subfield code="y">RN</subfield>
  </datafield>
  <datafield tag="952" ind1=" " ind2=" ">
    <subfield code="0">0</subfield>
    <subfield code="1">0</subfield>
    <subfield code="4">0</subfield>
    <subfield code="7">0</subfield>
    <subfield code="a">BCEJYS</subfield>
    <subfield code="b">BCEJYS</subfield>
    <subfield code="c">17</subfield>
    <subfield code="d">1987-08-01</subfield>
    <subfield code="h">A&#xF1;o XXXV, N&#xBA; 416 - ago. 1987</subfield>
    <subfield code="l">0</subfield>
    <subfield code="o">H349.2 LEG 416</subfield>
    <subfield code="p">R05901</subfield>
    <subfield code="r">2026-04-10 16:07:11</subfield>
    <subfield code="w">2026-04-10</subfield>
    <subfield code="y">RN</subfield>
  </datafield>
  <datafield tag="952" ind1=" " ind2=" ">
    <subfield code="0">0</subfield>
    <subfield code="1">0</subfield>
    <subfield code="4">0</subfield>
    <subfield code="7">0</subfield>
    <subfield code="a">BCEJYS</subfield>
    <subfield code="b">BCEJYS</subfield>
    <subfield code="c">17</subfield>
    <subfield code="d">1987-07-01</subfield>
    <subfield code="h">A&#xF1;o XXXV, N&#xBA; 415 - jul. 1987</subfield>
    <subfield code="l">0</subfield>
    <subfield code="o">H349.2 LEG 415</subfield>
    <subfield code="p">R05900</subfield>
    <subfield code="r">2026-04-10 16:07:11</subfield>
    <subfield code="w">2026-04-10</subfield>
    <subfield code="y">RN</subfield>
  </datafield>
  <datafield tag="952" ind1=" " ind2=" ">
    <subfield code="0">0</subfield>
    <subfield code="1">0</subfield>
    <subfield code="4">0</subfield>
    <subfield code="7">0</subfield>
    <subfield code="a">BCEJYS</subfield>
    <subfield code="b">BCEJYS</subfield>
    <subfield code="c">17</subfield>
    <subfield code="d">1987-06-01</subfield>
    <subfield code="h">A&#xF1;o XXXV, N&#xBA; 414 - jun. 1987</subfield>
    <subfield code="l">0</subfield>
    <subfield code="o">H349.2 LEG 414</subfield>
    <subfield code="p">R05899</subfield>
    <subfield code="r">2026-04-10 16:07:11</subfield>
    <subfield code="w">2026-04-10</subfield>
    <subfield code="y">RN</subfield>
  </datafield>
  <datafield tag="952" ind1=" " ind2=" ">
    <subfield code="0">0</subfield>
    <subfield code="1">0</subfield>
    <subfield code="4">0</subfield>
    <subfield code="7">0</subfield>
    <subfield code="a">BCEJYS</subfield>
    <subfield code="b">BCEJYS</subfield>
    <subfield code="c">17</subfield>
    <subfield code="d">1987-05-01</subfield>
    <subfield code="h">A&#xF1;o XXXV, N&#xBA; 413 - mayo 1987</subfield>
    <subfield code="l">0</subfield>
    <subfield code="o">H349.2 LEG 413</subfield>
    <subfield code="p">R05898</subfield>
    <subfield code="r">2026-04-10 16:07:11</subfield>
    <subfield code="w">2026-04-10</subfield>
    <subfield code="y">RN</subfield>
  </datafield>
  <datafield tag="952" ind1=" " ind2=" ">
    <subfield code="0">0</subfield>
    <subfield code="1">0</subfield>
    <subfield code="4">0</subfield>
    <subfield code="7">0</subfield>
    <subfield code="a">BCEJYS</subfield>
    <subfield code="b">BCEJYS</subfield>
    <subfield code="c">17</subfield>
    <subfield code="d">1987-04-01</subfield>
    <subfield code="h">A&#xF1;o XXXV, N&#xBA; 412 - abr. 1987</subfield>
    <subfield code="l">0</subfield>
    <subfield code="o">H349.2 LEG 412</subfield>
    <subfield code="p">R05897</subfield>
    <subfield code="r">2026-04-10 16:07:11</subfield>
    <subfield code="w">2026-04-10</subfield>
    <subfield code="y">RN</subfield>
  </datafield>
  <datafield tag="952" ind1=" " ind2=" ">
    <subfield code="0">0</subfield>
    <subfield code="1">0</subfield>
    <subfield code="4">0</subfield>
    <subfield code="7">0</subfield>
    <subfield code="a">BCEJYS</subfield>
    <subfield code="b">BCEJYS</subfield>
    <subfield code="c">17</subfield>
    <subfield code="d">1987-03-01</subfield>
    <subfield code="h">A&#xF1;o XXXV, N&#xBA; 411 - mar. 1987</subfield>
    <subfield code="l">0</subfield>
    <subfield code="o">H349.2 LEG 411</subfield>
    <subfield code="p">R05896</subfield>
    <subfield code="r">2026-04-10 16:07:11</subfield>
    <subfield code="w">2026-04-10</subfield>
    <subfield code="y">RN</subfield>
  </datafield>
  <datafield tag="952" ind1=" " ind2=" ">
    <subfield code="0">0</subfield>
    <subfield code="1">0</subfield>
    <subfield code="4">0</subfield>
    <subfield code="7">0</subfield>
    <subfield code="a">BCEJYS</subfield>
    <subfield code="b">BCEJYS</subfield>
    <subfield code="c">17</subfield>
    <subfield code="d">1987-02-01</subfield>
    <subfield code="h">A&#xF1;o XXXV, N&#xBA; 410 - feb. 1987</subfield>
    <subfield code="l">0</subfield>
    <subfield code="o">H349.2 LEG 410</subfield>
    <subfield code="p">R05895</subfield>
    <subfield code="r">2026-04-10 16:07:12</subfield>
    <subfield code="w">2026-04-10</subfield>
    <subfield code="y">RN</subfield>
  </datafield>
  <datafield tag="952" ind1=" " ind2=" ">
    <subfield code="0">0</subfield>
    <subfield code="1">0</subfield>
    <subfield code="4">0</subfield>
    <subfield code="7">0</subfield>
    <subfield code="a">BCEJYS</subfield>
    <subfield code="b">BCEJYS</subfield>
    <subfield code="c">17</subfield>
    <subfield code="d">1987-01-01</subfield>
    <subfield code="h">A&#xF1;o XXXV, N&#xBA; 409 - ene. 1987</subfield>
    <subfield code="l">0</subfield>
    <subfield code="o">H349.2 LEG 409</subfield>
    <subfield code="p">R05894</subfield>
    <subfield code="r">2026-04-10 16:07:12</subfield>
    <subfield code="w">2026-04-10</subfield>
    <subfield code="y">RN</subfield>
  </datafield>
  <datafield tag="952" ind1=" " ind2=" ">
    <subfield code="0">0</subfield>
    <subfield code="1">0</subfield>
    <subfield code="4">0</subfield>
    <subfield code="7">0</subfield>
    <subfield code="a">BCEJYS</subfield>
    <subfield code="b">BCEJYS</subfield>
    <subfield code="c">17</subfield>
    <subfield code="d">1986-12-01</subfield>
    <subfield code="h">A&#xF1;o XXXIV, N&#xBA; 408 - dic. 1986</subfield>
    <subfield code="l">0</subfield>
    <subfield code="o">H349.2 LEG 408</subfield>
    <subfield code="p">R05893</subfield>
    <subfield code="r">2026-04-10 16:07:12</subfield>
    <subfield code="w">2026-04-10</subfield>
    <subfield code="y">RN</subfield>
  </datafield>
  <datafield tag="952" ind1=" " ind2=" ">
    <subfield code="0">0</subfield>
    <subfield code="1">0</subfield>
    <subfield code="4">0</subfield>
    <subfield code="7">0</subfield>
    <subfield code="a">BCEJYS</subfield>
    <subfield code="b">BCEJYS</subfield>
    <subfield code="c">17</subfield>
    <subfield code="d">1986-11-01</subfield>
    <subfield code="h">A&#xF1;o XXXIV, N&#xBA; 407 - nov. 1986</subfield>
    <subfield code="l">0</subfield>
    <subfield code="o">H349.2 LEG 407</subfield>
    <subfield code="p">R05892</subfield>
    <subfield code="r">2026-04-10 16:07:12</subfield>
    <subfield code="w">2026-04-10</subfield>
    <subfield code="y">RN</subfield>
  </datafield>
  <datafield tag="952" ind1=" " ind2=" ">
    <subfield code="0">0</subfield>
    <subfield code="1">0</subfield>
    <subfield code="4">0</subfield>
    <subfield code="7">0</subfield>
    <subfield code="a">BCEJYS</subfield>
    <subfield code="b">BCEJYS</subfield>
    <subfield code="c">17</subfield>
    <subfield code="d">1986-10-01</subfield>
    <subfield code="h">A&#xF1;o XXXIV, N&#xBA; 406 - oct. 1986</subfield>
    <subfield code="l">0</subfield>
    <subfield code="o">H349.2 LEG 406</subfield>
    <subfield code="p">R05891</subfield>
    <subfield code="r">2026-04-10 16:07:12</subfield>
    <subfield code="w">2026-04-10</subfield>
    <subfield code="y">RN</subfield>
  </datafield>
  <datafield tag="952" ind1=" " ind2=" ">
    <subfield code="0">0</subfield>
    <subfield code="1">0</subfield>
    <subfield code="4">0</subfield>
    <subfield code="7">0</subfield>
    <subfield code="a">BCEJYS</subfield>
    <subfield code="b">BCEJYS</subfield>
    <subfield code="c">17</subfield>
    <subfield code="d">1986-09-01</subfield>
    <subfield code="h">A&#xF1;o XXXIV, N&#xBA; 405 - set. 1986</subfield>
    <subfield code="l">0</subfield>
    <subfield code="o">H349.2 LEG 405</subfield>
    <subfield code="p">R05890</subfield>
    <subfield code="r">2026-04-10 16:07:12</subfield>
    <subfield code="w">2026-04-10</subfield>
    <subfield code="y">RN</subfield>
  </datafield>
  <datafield tag="952" ind1=" " ind2=" ">
    <subfield code="0">0</subfield>
    <subfield code="1">0</subfield>
    <subfield code="4">0</subfield>
    <subfield code="7">0</subfield>
    <subfield code="a">BCEJYS</subfield>
    <subfield code="b">BCEJYS</subfield>
    <subfield code="c">17</subfield>
    <subfield code="d">1986-08-01</subfield>
    <subfield code="h">A&#xF1;o XXXIV, N&#xBA; 404 - ago. 1986</subfield>
    <subfield code="l">0</subfield>
    <subfield code="o">H349.2 LEG 404</subfield>
    <subfield code="p">R05889</subfield>
    <subfield code="r">2026-04-10 16:07:12</subfield>
    <subfield code="w">2026-04-10</subfield>
    <subfield code="y">RN</subfield>
  </datafield>
  <datafield tag="952" ind1=" " ind2=" ">
    <subfield code="0">0</subfield>
    <subfield code="1">0</subfield>
    <subfield code="4">0</subfield>
    <subfield code="7">0</subfield>
    <subfield code="a">BCEJYS</subfield>
    <subfield code="b">BCEJYS</subfield>
    <subfield code="c">17</subfield>
    <subfield code="d">1986-07-01</subfield>
    <subfield code="h">A&#xF1;o XXXIV, N&#xBA; 403 - jul. 1986</subfield>
    <subfield code="l">0</subfield>
    <subfield code="o">H349.2 LEG 403</subfield>
    <subfield code="p">R05888</subfield>
    <subfield code="r">2026-04-10 16:07:12</subfield>
    <subfield code="w">2026-04-10</subfield>
    <subfield code="y">RN</subfield>
  </datafield>
  <datafield tag="952" ind1=" " ind2=" ">
    <subfield code="0">0</subfield>
    <subfield code="1">0</subfield>
    <subfield code="4">0</subfield>
    <subfield code="7">0</subfield>
    <subfield code="a">BCEJYS</subfield>
    <subfield code="b">BCEJYS</subfield>
    <subfield code="c">17</subfield>
    <subfield code="d">1986-06-01</subfield>
    <subfield code="h">A&#xF1;o XXXIV, N&#xBA; 402 - jun. 1986</subfield>
    <subfield code="l">0</subfield>
    <subfield code="o">H349.2 LEG 402</subfield>
    <subfield code="p">R05887</subfield>
    <subfield code="r">2026-04-10 16:07:12</subfield>
    <subfield code="w">2026-04-10</subfield>
    <subfield code="y">RN</subfield>
  </datafield>
  <datafield tag="952" ind1=" " ind2=" ">
    <subfield code="0">0</subfield>
    <subfield code="1">0</subfield>
    <subfield code="4">0</subfield>
    <subfield code="7">0</subfield>
    <subfield code="a">BCEJYS</subfield>
    <subfield code="b">BCEJYS</subfield>
    <subfield code="c">17</subfield>
    <subfield code="d">1986-05-01</subfield>
    <subfield code="h">A&#xF1;o XXXIV, N&#xBA; 401 - mayo 1986</subfield>
    <subfield code="l">0</subfield>
    <subfield code="o">H349.2 LEG 401</subfield>
    <subfield code="p">R05886</subfield>
    <subfield code="r">2026-04-10 16:07:12</subfield>
    <subfield code="w">2026-04-10</subfield>
    <subfield code="y">RN</subfield>
  </datafield>
  <datafield tag="952" ind1=" " ind2=" ">
    <subfield code="0">0</subfield>
    <subfield code="1">0</subfield>
    <subfield code="4">0</subfield>
    <subfield code="7">0</subfield>
    <subfield code="a">BCEJYS</subfield>
    <subfield code="b">BCEJYS</subfield>
    <subfield code="c">17</subfield>
    <subfield code="d">1986-04-01</subfield>
    <subfield code="h">A&#xF1;o XXXIV, N&#xBA; 400 - abr. 1986</subfield>
    <subfield code="l">0</subfield>
    <subfield code="o">H349.2 LEG 400</subfield>
    <subfield code="p">R05885</subfield>
    <subfield code="r">2026-04-10 16:07:12</subfield>
    <subfield code="w">2026-04-10</subfield>
    <subfield code="y">RN</subfield>
  </datafield>
  <datafield tag="952" ind1=" " ind2=" ">
    <subfield code="0">0</subfield>
    <subfield code="1">0</subfield>
    <subfield code="4">0</subfield>
    <subfield code="7">0</subfield>
    <subfield code="a">BCEJYS</subfield>
    <subfield code="b">BCEJYS</subfield>
    <subfield code="c">17</subfield>
    <subfield code="d">1986-03-01</subfield>
    <subfield code="h">A&#xF1;o XXXIV, N&#xBA; 399 - mar. 1986</subfield>
    <subfield code="l">0</subfield>
    <subfield code="o">H349.2 LEG 399</subfield>
    <subfield code="p">R05883</subfield>
    <subfield code="r">2026-04-10 16:07:12</subfield>
    <subfield code="w">2026-04-10</subfield>
    <subfield code="y">RN</subfield>
  </datafield>
  <datafield tag="952" ind1=" " ind2=" ">
    <subfield code="0">0</subfield>
    <subfield code="1">0</subfield>
    <subfield code="4">0</subfield>
    <subfield code="7">0</subfield>
    <subfield code="a">BCEJYS</subfield>
    <subfield code="b">BCEJYS</subfield>
    <subfield code="c">17</subfield>
    <subfield code="d">1986-03-01</subfield>
    <subfield code="h">A&#xF1;o XXXIV, N&#xBA; 399 - mar. 1986</subfield>
    <subfield code="l">0</subfield>
    <subfield code="o">H349.2 LEG 399 Ej.2</subfield>
    <subfield code="p">R05884</subfield>
    <subfield code="r">2026-04-10 16:07:12</subfield>
    <subfield code="w">2026-04-10</subfield>
    <subfield code="y">RN</subfield>
  </datafield>
  <datafield tag="952" ind1=" " ind2=" ">
    <subfield code="0">0</subfield>
    <subfield code="1">0</subfield>
    <subfield code="4">0</subfield>
    <subfield code="7">0</subfield>
    <subfield code="a">BCEJYS</subfield>
    <subfield code="b">BCEJYS</subfield>
    <subfield code="c">17</subfield>
    <subfield code="d">1986-02-01</subfield>
    <subfield code="h">A&#xF1;o XXXIV, N&#xBA; 398 - feb. 1986</subfield>
    <subfield code="l">0</subfield>
    <subfield code="o">H349.2 LEG 398</subfield>
    <subfield code="p">R05882</subfield>
    <subfield code="r">2026-04-10 16:07:12</subfield>
    <subfield code="w">2026-04-10</subfield>
    <subfield code="y">RN</subfield>
  </datafield>
  <datafield tag="952" ind1=" " ind2=" ">
    <subfield code="0">0</subfield>
    <subfield code="1">0</subfield>
    <subfield code="4">0</subfield>
    <subfield code="7">0</subfield>
    <subfield code="a">BCEJYS</subfield>
    <subfield code="b">BCEJYS</subfield>
    <subfield code="c">17</subfield>
    <subfield code="d">1986-01-01</subfield>
    <subfield code="h">A&#xF1;o XXXIV, N&#xBA; 397 - ene. 1986</subfield>
    <subfield code="l">0</subfield>
    <subfield code="o">H349.2 LEG 397</subfield>
    <subfield code="p">R05880</subfield>
    <subfield code="r">2026-04-10 16:07:12</subfield>
    <subfield code="w">2026-04-10</subfield>
    <subfield code="y">RN</subfield>
  </datafield>
  <datafield tag="952" ind1=" " ind2=" ">
    <subfield code="0">0</subfield>
    <subfield code="1">0</subfield>
    <subfield code="4">0</subfield>
    <subfield code="7">0</subfield>
    <subfield code="a">BCEJYS</subfield>
    <subfield code="b">BCEJYS</subfield>
    <subfield code="c">17</subfield>
    <subfield code="d">1986-01-01</subfield>
    <subfield code="h">A&#xF1;o XXXIV, N&#xBA; 397 - ene. 1986</subfield>
    <subfield code="l">0</subfield>
    <subfield code="o">H349.2 LEG 397 Ej.2</subfield>
    <subfield code="p">R05881</subfield>
    <subfield code="r">2026-04-10 16:07:12</subfield>
    <subfield code="w">2026-04-10</subfield>
    <subfield code="y">RN</subfield>
  </datafield>
  <datafield tag="952" ind1=" " ind2=" ">
    <subfield code="0">0</subfield>
    <subfield code="1">0</subfield>
    <subfield code="4">0</subfield>
    <subfield code="7">0</subfield>
    <subfield code="a">BCEJYS</subfield>
    <subfield code="b">BCEJYS</subfield>
    <subfield code="c">17</subfield>
    <subfield code="d">1985-12-01</subfield>
    <subfield code="h">A&#xF1;o XXXIII, N&#xBA; 396 - dic. 1985</subfield>
    <subfield code="l">0</subfield>
    <subfield code="o">H349.2 LEG 396</subfield>
    <subfield code="p">R05879</subfield>
    <subfield code="r">2026-04-10 16:07:12</subfield>
    <subfield code="w">2026-04-10</subfield>
    <subfield code="y">RN</subfield>
  </datafield>
  <datafield tag="952" ind1=" " ind2=" ">
    <subfield code="0">0</subfield>
    <subfield code="1">0</subfield>
    <subfield code="4">0</subfield>
    <subfield code="7">0</subfield>
    <subfield code="a">BCEJYS</subfield>
    <subfield code="b">BCEJYS</subfield>
    <subfield code="c">17</subfield>
    <subfield code="d">1985-11-01</subfield>
    <subfield code="h">A&#xF1;o XXXIII, N&#xBA; 395 - nov. 1985</subfield>
    <subfield code="l">0</subfield>
    <subfield code="o">H349.2 LEG 395</subfield>
    <subfield code="p">R05878</subfield>
    <subfield code="r">2026-04-10 16:07:12</subfield>
    <subfield code="w">2026-04-10</subfield>
    <subfield code="y">RN</subfield>
  </datafield>
  <datafield tag="952" ind1=" " ind2=" ">
    <subfield code="0">0</subfield>
    <subfield code="1">0</subfield>
    <subfield code="4">0</subfield>
    <subfield code="7">0</subfield>
    <subfield code="a">BCEJYS</subfield>
    <subfield code="b">BCEJYS</subfield>
    <subfield code="c">17</subfield>
    <subfield code="d">1985-10-01</subfield>
    <subfield code="h">A&#xF1;o XXXIII, N&#xBA; 394 - oct. 1985</subfield>
    <subfield code="l">0</subfield>
    <subfield code="o">H349.2 LEG 394</subfield>
    <subfield code="p">R05877</subfield>
    <subfield code="r">2026-04-10 16:07:12</subfield>
    <subfield code="w">2026-04-10</subfield>
    <subfield code="y">RN</subfield>
  </datafield>
  <datafield tag="952" ind1=" " ind2=" ">
    <subfield code="0">0</subfield>
    <subfield code="1">0</subfield>
    <subfield code="4">0</subfield>
    <subfield code="7">0</subfield>
    <subfield code="a">BCEJYS</subfield>
    <subfield code="b">BCEJYS</subfield>
    <subfield code="c">17</subfield>
    <subfield code="d">1985-09-01</subfield>
    <subfield code="h">A&#xF1;o XXXIII, N&#xBA; 393 - set. 1985</subfield>
    <subfield code="l">0</subfield>
    <subfield code="o">H349.2 LEG 393</subfield>
    <subfield code="p">R05876</subfield>
    <subfield code="r">2026-04-10 16:07:12</subfield>
    <subfield code="w">2026-04-10</subfield>
    <subfield code="y">RN</subfield>
  </datafield>
  <datafield tag="952" ind1=" " ind2=" ">
    <subfield code="0">0</subfield>
    <subfield code="1">0</subfield>
    <subfield code="4">0</subfield>
    <subfield code="7">0</subfield>
    <subfield code="a">BCEJYS</subfield>
    <subfield code="b">BCEJYS</subfield>
    <subfield code="c">17</subfield>
    <subfield code="d">1985-08-01</subfield>
    <subfield code="h">A&#xF1;o XXXIII, N&#xBA; 392 - ago. 1985</subfield>
    <subfield code="l">0</subfield>
    <subfield code="o">H349.2 LEG 392</subfield>
    <subfield code="p">R05875</subfield>
    <subfield code="r">2026-04-10 16:07:12</subfield>
    <subfield code="w">2026-04-10</subfield>
    <subfield code="y">RN</subfield>
  </datafield>
  <datafield tag="952" ind1=" " ind2=" ">
    <subfield code="0">0</subfield>
    <subfield code="1">0</subfield>
    <subfield code="4">0</subfield>
    <subfield code="7">0</subfield>
    <subfield code="a">BCEJYS</subfield>
    <subfield code="b">BCEJYS</subfield>
    <subfield code="c">17</subfield>
    <subfield code="d">1985-07-01</subfield>
    <subfield code="h">A&#xF1;o XXXIII, N&#xBA; 391 - jul. 1985</subfield>
    <subfield code="l">0</subfield>
    <subfield code="o">H349.2 LEG 391</subfield>
    <subfield code="p">R05874</subfield>
    <subfield code="r">2026-04-10 16:07:12</subfield>
    <subfield code="w">2026-04-10</subfield>
    <subfield code="y">RN</subfield>
  </datafield>
  <datafield tag="952" ind1=" " ind2=" ">
    <subfield code="0">0</subfield>
    <subfield code="1">0</subfield>
    <subfield code="4">0</subfield>
    <subfield code="7">0</subfield>
    <subfield code="a">BCEJYS</subfield>
    <subfield code="b">BCEJYS</subfield>
    <subfield code="c">17</subfield>
    <subfield code="d">1985-06-01</subfield>
    <subfield code="h">A&#xF1;o XXXIII, N&#xBA; 390 - jun. 1985</subfield>
    <subfield code="l">0</subfield>
    <subfield code="o">H349.2 LEG 390</subfield>
    <subfield code="p">R05873</subfield>
    <subfield code="r">2026-04-10 16:07:12</subfield>
    <subfield code="w">2026-04-10</subfield>
    <subfield code="y">RN</subfield>
  </datafield>
  <datafield tag="952" ind1=" " ind2=" ">
    <subfield code="0">0</subfield>
    <subfield code="1">0</subfield>
    <subfield code="4">0</subfield>
    <subfield code="7">0</subfield>
    <subfield code="a">BCEJYS</subfield>
    <subfield code="b">BCEJYS</subfield>
    <subfield code="c">17</subfield>
    <subfield code="d">1985-05-01</subfield>
    <subfield code="h">A&#xF1;o XXXIII, N&#xBA; 389 - mayo 1985</subfield>
    <subfield code="l">0</subfield>
    <subfield code="o">H349.2 LEG 389</subfield>
    <subfield code="p">R05872</subfield>
    <subfield code="r">2026-04-10 16:07:12</subfield>
    <subfield code="w">2026-04-10</subfield>
    <subfield code="y">RN</subfield>
  </datafield>
  <datafield tag="952" ind1=" " ind2=" ">
    <subfield code="0">0</subfield>
    <subfield code="1">0</subfield>
    <subfield code="4">0</subfield>
    <subfield code="7">0</subfield>
    <subfield code="a">BCEJYS</subfield>
    <subfield code="b">BCEJYS</subfield>
    <subfield code="c">17</subfield>
    <subfield code="d">1985-04-01</subfield>
    <subfield code="h">A&#xF1;o XXXIII, N&#xBA; 388 - abr. 1985</subfield>
    <subfield code="l">0</subfield>
    <subfield code="o">H349.2 LEG 388</subfield>
    <subfield code="p">R05871</subfield>
    <subfield code="r">2026-04-10 16:07:12</subfield>
    <subfield code="w">2026-04-10</subfield>
    <subfield code="y">RN</subfield>
  </datafield>
  <datafield tag="952" ind1=" " ind2=" ">
    <subfield code="0">0</subfield>
    <subfield code="1">0</subfield>
    <subfield code="4">0</subfield>
    <subfield code="7">0</subfield>
    <subfield code="a">BCEJYS</subfield>
    <subfield code="b">BCEJYS</subfield>
    <subfield code="c">17</subfield>
    <subfield code="d">1985-03-01</subfield>
    <subfield code="h">A&#xF1;o XXXIII, N&#xBA; 387 - mar. 1985</subfield>
    <subfield code="l">0</subfield>
    <subfield code="o">H349.2 LEG 387</subfield>
    <subfield code="p">R05870</subfield>
    <subfield code="r">2026-04-10 16:07:12</subfield>
    <subfield code="w">2026-04-10</subfield>
    <subfield code="y">RN</subfield>
  </datafield>
  <datafield tag="952" ind1=" " ind2=" ">
    <subfield code="0">0</subfield>
    <subfield code="1">0</subfield>
    <subfield code="4">0</subfield>
    <subfield code="7">0</subfield>
    <subfield code="a">BCEJYS</subfield>
    <subfield code="b">BCEJYS</subfield>
    <subfield code="c">17</subfield>
    <subfield code="d">1985-02-01</subfield>
    <subfield code="h">A&#xF1;o XXXIII, N&#xBA; 386 - feb. 1985</subfield>
    <subfield code="l">0</subfield>
    <subfield code="o">H349.2 LEG 386</subfield>
    <subfield code="p">R05869</subfield>
    <subfield code="r">2026-04-10 16:07:12</subfield>
    <subfield code="w">2026-04-10</subfield>
    <subfield code="y">RN</subfield>
  </datafield>
  <datafield tag="952" ind1=" " ind2=" ">
    <subfield code="0">0</subfield>
    <subfield code="1">0</subfield>
    <subfield code="4">0</subfield>
    <subfield code="7">0</subfield>
    <subfield code="a">BCEJYS</subfield>
    <subfield code="b">BCEJYS</subfield>
    <subfield code="c">17</subfield>
    <subfield code="d">1985-01-01</subfield>
    <subfield code="h">A&#xF1;o XXXIII, N&#xBA; 385 - ene. 1985</subfield>
    <subfield code="l">0</subfield>
    <subfield code="o">H349.2 LEG 385</subfield>
    <subfield code="p">R05868</subfield>
    <subfield code="r">2026-04-10 16:07:12</subfield>
    <subfield code="w">2026-04-10</subfield>
    <subfield code="y">RN</subfield>
  </datafield>
  <datafield tag="952" ind1=" " ind2=" ">
    <subfield code="0">0</subfield>
    <subfield code="1">0</subfield>
    <subfield code="4">0</subfield>
    <subfield code="7">0</subfield>
    <subfield code="a">BCEJYS</subfield>
    <subfield code="b">BCEJYS</subfield>
    <subfield code="c">17</subfield>
    <subfield code="d">1984-12-01</subfield>
    <subfield code="h">A&#xF1;o XXXII, N&#xBA; 384 - dic. 1984</subfield>
    <subfield code="l">0</subfield>
    <subfield code="o">H349.2 LEG 384</subfield>
    <subfield code="p">R05867</subfield>
    <subfield code="r">2026-04-10 16:07:12</subfield>
    <subfield code="w">2026-04-10</subfield>
    <subfield code="y">RN</subfield>
  </datafield>
  <datafield tag="952" ind1=" " ind2=" ">
    <subfield code="0">0</subfield>
    <subfield code="1">0</subfield>
    <subfield code="4">0</subfield>
    <subfield code="7">0</subfield>
    <subfield code="a">BCEJYS</subfield>
    <subfield code="b">BCEJYS</subfield>
    <subfield code="c">17</subfield>
    <subfield code="d">1984-11-01</subfield>
    <subfield code="h">A&#xF1;o XXXII, N&#xBA; 383 - nov. 1984</subfield>
    <subfield code="l">0</subfield>
    <subfield code="o">H349.2 LEG 383</subfield>
    <subfield code="p">R05866</subfield>
    <subfield code="r">2026-04-10 16:07:12</subfield>
    <subfield code="w">2026-04-10</subfield>
    <subfield code="y">RN</subfield>
  </datafield>
  <datafield tag="952" ind1=" " ind2=" ">
    <subfield code="0">0</subfield>
    <subfield code="1">0</subfield>
    <subfield code="4">0</subfield>
    <subfield code="7">0</subfield>
    <subfield code="a">BCEJYS</subfield>
    <subfield code="b">BCEJYS</subfield>
    <subfield code="c">17</subfield>
    <subfield code="d">1984-10-01</subfield>
    <subfield code="h">A&#xF1;o XXXII, N&#xBA; 382 - oct. 1984</subfield>
    <subfield code="l">0</subfield>
    <subfield code="o">H349.2 LEG 382</subfield>
    <subfield code="p">R05865</subfield>
    <subfield code="r">2026-04-10 16:07:12</subfield>
    <subfield code="w">2026-04-10</subfield>
    <subfield code="y">RN</subfield>
  </datafield>
  <datafield tag="952" ind1=" " ind2=" ">
    <subfield code="0">0</subfield>
    <subfield code="1">0</subfield>
    <subfield code="4">0</subfield>
    <subfield code="7">0</subfield>
    <subfield code="a">BCEJYS</subfield>
    <subfield code="b">BCEJYS</subfield>
    <subfield code="c">17</subfield>
    <subfield code="d">1984-09-01</subfield>
    <subfield code="h">A&#xF1;o XXXII, N&#xBA; 381 - set. 1984</subfield>
    <subfield code="l">0</subfield>
    <subfield code="o">H349.2 LEG 381</subfield>
    <subfield code="p">R05864</subfield>
    <subfield code="r">2026-04-10 16:07:12</subfield>
    <subfield code="w">2026-04-10</subfield>
    <subfield code="y">RN</subfield>
  </datafield>
  <datafield tag="952" ind1=" " ind2=" ">
    <subfield code="0">0</subfield>
    <subfield code="1">0</subfield>
    <subfield code="4">0</subfield>
    <subfield code="7">0</subfield>
    <subfield code="a">BCEJYS</subfield>
    <subfield code="b">BCEJYS</subfield>
    <subfield code="c">17</subfield>
    <subfield code="d">1984-08-01</subfield>
    <subfield code="h">A&#xF1;o XXXII, N&#xBA; 380 - ago. 1984</subfield>
    <subfield code="l">0</subfield>
    <subfield code="o">H349.2 LEG 380</subfield>
    <subfield code="p">R05863</subfield>
    <subfield code="r">2026-04-10 16:07:12</subfield>
    <subfield code="w">2026-04-10</subfield>
    <subfield code="y">RN</subfield>
  </datafield>
  <datafield tag="952" ind1=" " ind2=" ">
    <subfield code="0">0</subfield>
    <subfield code="1">0</subfield>
    <subfield code="4">0</subfield>
    <subfield code="7">0</subfield>
    <subfield code="a">BCEJYS</subfield>
    <subfield code="b">BCEJYS</subfield>
    <subfield code="c">17</subfield>
    <subfield code="d">1984-07-01</subfield>
    <subfield code="h">A&#xF1;o XXXII, N&#xBA; 379 - jul. 1984</subfield>
    <subfield code="l">0</subfield>
    <subfield code="o">H349.2 LEG 379</subfield>
    <subfield code="p">R05862</subfield>
    <subfield code="r">2026-04-10 16:07:12</subfield>
    <subfield code="w">2026-04-10</subfield>
    <subfield code="y">RN</subfield>
  </datafield>
  <datafield tag="952" ind1=" " ind2=" ">
    <subfield code="0">0</subfield>
    <subfield code="1">0</subfield>
    <subfield code="4">0</subfield>
    <subfield code="7">0</subfield>
    <subfield code="a">BCEJYS</subfield>
    <subfield code="b">BCEJYS</subfield>
    <subfield code="c">17</subfield>
    <subfield code="d">1984-06-01</subfield>
    <subfield code="h">A&#xF1;o XXXII, N&#xBA; 378 - jun. 1984</subfield>
    <subfield code="l">0</subfield>
    <subfield code="o">H349.2 LEG 378</subfield>
    <subfield code="p">R05861</subfield>
    <subfield code="r">2026-04-10 16:07:12</subfield>
    <subfield code="w">2026-04-10</subfield>
    <subfield code="y">RN</subfield>
  </datafield>
  <datafield tag="952" ind1=" " ind2=" ">
    <subfield code="0">0</subfield>
    <subfield code="1">0</subfield>
    <subfield code="4">0</subfield>
    <subfield code="7">0</subfield>
    <subfield code="a">BCEJYS</subfield>
    <subfield code="b">BCEJYS</subfield>
    <subfield code="c">17</subfield>
    <subfield code="d">1984-05-01</subfield>
    <subfield code="h">A&#xF1;o XXXII, N&#xBA; 377 - mayo 1984</subfield>
    <subfield code="l">0</subfield>
    <subfield code="o">H349.2 LEG 377</subfield>
    <subfield code="p">R05860</subfield>
    <subfield code="r">2026-04-10 16:07:12</subfield>
    <subfield code="w">2026-04-10</subfield>
    <subfield code="y">RN</subfield>
  </datafield>
  <datafield tag="952" ind1=" " ind2=" ">
    <subfield code="0">0</subfield>
    <subfield code="1">0</subfield>
    <subfield code="4">0</subfield>
    <subfield code="7">0</subfield>
    <subfield code="a">BCEJYS</subfield>
    <subfield code="b">BCEJYS</subfield>
    <subfield code="c">17</subfield>
    <subfield code="d">1984-04-01</subfield>
    <subfield code="h">A&#xF1;o XXXII, N&#xBA; 376 - abr. 1984</subfield>
    <subfield code="l">0</subfield>
    <subfield code="o">H349.2 LEG 376</subfield>
    <subfield code="p">R05859</subfield>
    <subfield code="r">2026-04-10 16:07:12</subfield>
    <subfield code="w">2026-04-10</subfield>
    <subfield code="y">RN</subfield>
  </datafield>
  <datafield tag="952" ind1=" " ind2=" ">
    <subfield code="0">0</subfield>
    <subfield code="1">0</subfield>
    <subfield code="4">0</subfield>
    <subfield code="7">0</subfield>
    <subfield code="a">BCEJYS</subfield>
    <subfield code="b">BCEJYS</subfield>
    <subfield code="c">17</subfield>
    <subfield code="d">1984-03-01</subfield>
    <subfield code="h">A&#xF1;o XXXII, N&#xBA; 375 - mar. 1984</subfield>
    <subfield code="l">0</subfield>
    <subfield code="o">H349.2 LEG 375</subfield>
    <subfield code="p">R05858</subfield>
    <subfield code="r">2026-04-10 16:07:12</subfield>
    <subfield code="w">2026-04-10</subfield>
    <subfield code="y">RN</subfield>
  </datafield>
  <datafield tag="952" ind1=" " ind2=" ">
    <subfield code="0">0</subfield>
    <subfield code="1">0</subfield>
    <subfield code="4">0</subfield>
    <subfield code="7">0</subfield>
    <subfield code="a">BCEJYS</subfield>
    <subfield code="b">BCEJYS</subfield>
    <subfield code="c">17</subfield>
    <subfield code="d">1984-02-01</subfield>
    <subfield code="h">A&#xF1;o XXXII, N&#xBA; 374 - feb. 1984</subfield>
    <subfield code="l">0</subfield>
    <subfield code="o">H349.2 LEG 374</subfield>
    <subfield code="p">R05857</subfield>
    <subfield code="r">2026-04-10 16:07:12</subfield>
    <subfield code="w">2026-04-10</subfield>
    <subfield code="y">RN</subfield>
  </datafield>
  <datafield tag="952" ind1=" " ind2=" ">
    <subfield code="0">0</subfield>
    <subfield code="1">0</subfield>
    <subfield code="4">0</subfield>
    <subfield code="7">0</subfield>
    <subfield code="a">BCEJYS</subfield>
    <subfield code="b">BCEJYS</subfield>
    <subfield code="c">17</subfield>
    <subfield code="d">1984-01-01</subfield>
    <subfield code="h">A&#xF1;o XXXII, N&#xBA; 373 - ene. 1984</subfield>
    <subfield code="l">0</subfield>
    <subfield code="o">H349.2 LEG 373</subfield>
    <subfield code="p">R05856</subfield>
    <subfield code="r">2026-04-10 16:07:12</subfield>
    <subfield code="w">2026-04-10</subfield>
    <subfield code="y">RN</subfield>
  </datafield>
  <datafield tag="952" ind1=" " ind2=" ">
    <subfield code="0">0</subfield>
    <subfield code="1">0</subfield>
    <subfield code="4">0</subfield>
    <subfield code="7">0</subfield>
    <subfield code="a">BCEJYS</subfield>
    <subfield code="b">BCEJYS</subfield>
    <subfield code="c">17</subfield>
    <subfield code="d">1978-10-01</subfield>
    <subfield code="h">A&#xF1;o XXVI, N&#xBA; 310 - oct. 1978</subfield>
    <subfield code="l">0</subfield>
    <subfield code="o">H349.2 LEG 310</subfield>
    <subfield code="p">R05855</subfield>
    <subfield code="r">2026-04-10 16:07:12</subfield>
    <subfield code="w">2026-04-10</subfield>
    <subfield code="y">RN</subfield>
  </datafield>
  <datafield tag="952" ind1=" " ind2=" ">
    <subfield code="0">0</subfield>
    <subfield code="1">0</subfield>
    <subfield code="4">0</subfield>
    <subfield code="7">0</subfield>
    <subfield code="a">BCEJYS</subfield>
    <subfield code="b">BCEJYS</subfield>
    <subfield code="c">17</subfield>
    <subfield code="d">1977-03-01</subfield>
    <subfield code="h">A&#xF1;o XXV, N&#xBA; 291 - mar. 1977</subfield>
    <subfield code="l">0</subfield>
    <subfield code="o">H349.2 LEG 291</subfield>
    <subfield code="p">R05854</subfield>
    <subfield code="r">2026-04-10 16:07:12</subfield>
    <subfield code="w">2026-04-10</subfield>
    <subfield code="y">RN</subfield>
  </datafield>
  <datafield tag="952" ind1=" " ind2=" ">
    <subfield code="0">0</subfield>
    <subfield code="1">0</subfield>
    <subfield code="4">0</subfield>
    <subfield code="7">0</subfield>
    <subfield code="a">BCEJYS</subfield>
    <subfield code="b">BCEJYS</subfield>
    <subfield code="c">17</subfield>
    <subfield code="d">1977-02-01</subfield>
    <subfield code="h">A&#xF1;o XXV, N&#xBA; 290 - feb. 1977</subfield>
    <subfield code="l">0</subfield>
    <subfield code="o">H349.2 LEG 290</subfield>
    <subfield code="p">R05853</subfield>
    <subfield code="r">2026-04-10 16:07:12</subfield>
    <subfield code="w">2026-04-10</subfield>
    <subfield code="y">RN</subfield>
  </datafield>
  <datafield tag="952" ind1=" " ind2=" ">
    <subfield code="0">0</subfield>
    <subfield code="1">0</subfield>
    <subfield code="4">0</subfield>
    <subfield code="7">0</subfield>
    <subfield code="a">BCEJYS</subfield>
    <subfield code="b">BCEJYS</subfield>
    <subfield code="c">17</subfield>
    <subfield code="d">1977-01-01</subfield>
    <subfield code="h">A&#xF1;o XXV, N&#xBA; 289 - ene. 1977</subfield>
    <subfield code="l">0</subfield>
    <subfield code="o">H349.2 LEG 289</subfield>
    <subfield code="p">R05852</subfield>
    <subfield code="r">2026-04-10 16:07:12</subfield>
    <subfield code="w">2026-04-10</subfield>
    <subfield code="y">RN</subfield>
  </datafield>
  <datafield tag="952" ind1=" " ind2=" ">
    <subfield code="0">0</subfield>
    <subfield code="1">0</subfield>
    <subfield code="4">0</subfield>
    <subfield code="7">0</subfield>
    <subfield code="a">BCEJYS</subfield>
    <subfield code="b">BCEJYS</subfield>
    <subfield code="c">17</subfield>
    <subfield code="d">1975-11-01</subfield>
    <subfield code="h">A&#xF1;o XXIII, N&#xBA; 275 - nov. 1975</subfield>
    <subfield code="l">0</subfield>
    <subfield code="o">H349.2 LEG 275</subfield>
    <subfield code="p">R05851</subfield>
    <subfield code="r">2026-04-10 16:07:12</subfield>
    <subfield code="w">2026-04-10</subfield>
    <subfield code="y">RN</subfield>
  </datafield>
  <datafield tag="952" ind1=" " ind2=" ">
    <subfield code="0">0</subfield>
    <subfield code="1">0</subfield>
    <subfield code="4">0</subfield>
    <subfield code="7">0</subfield>
    <subfield code="a">BCEJYS</subfield>
    <subfield code="b">BCEJYS</subfield>
    <subfield code="c">17</subfield>
    <subfield code="d">1975-10-01</subfield>
    <subfield code="h">A&#xF1;o XXIII, N&#xBA; 274 - oct. 1975</subfield>
    <subfield code="l">0</subfield>
    <subfield code="o">H349.2 LEG 274</subfield>
    <subfield code="p">R05850</subfield>
    <subfield code="r">2026-04-10 16:07:12</subfield>
    <subfield code="w">2026-04-10</subfield>
    <subfield code="y">RN</subfield>
  </datafield>
  <datafield tag="952" ind1=" " ind2=" ">
    <subfield code="0">0</subfield>
    <subfield code="1">0</subfield>
    <subfield code="4">0</subfield>
    <subfield code="7">0</subfield>
    <subfield code="a">BCEJYS</subfield>
    <subfield code="b">BCEJYS</subfield>
    <subfield code="c">17</subfield>
    <subfield code="d">1975-09-01</subfield>
    <subfield code="h">A&#xF1;o XXIII, N&#xBA; 273 - set. 1975</subfield>
    <subfield code="l">0</subfield>
    <subfield code="o">H349.2 LEG 273</subfield>
    <subfield code="p">R05849</subfield>
    <subfield code="r">2026-04-10 16:07:12</subfield>
    <subfield code="w">2026-04-10</subfield>
    <subfield code="y">RN</subfield>
  </datafield>
  <datafield tag="952" ind1=" " ind2=" ">
    <subfield code="0">0</subfield>
    <subfield code="1">0</subfield>
    <subfield code="4">0</subfield>
    <subfield code="7">0</subfield>
    <subfield code="a">BCEJYS</subfield>
    <subfield code="b">BCEJYS</subfield>
    <subfield code="c">17</subfield>
    <subfield code="d">1975-08-01</subfield>
    <subfield code="h">A&#xF1;o XXIII, N&#xBA; 272 - ago. 1975</subfield>
    <subfield code="l">0</subfield>
    <subfield code="o">H349.2 LEG 272</subfield>
    <subfield code="p">R05848</subfield>
    <subfield code="r">2026-04-10 16:07:12</subfield>
    <subfield code="w">2026-04-10</subfield>
    <subfield code="y">RN</subfield>
  </datafield>
  <datafield tag="952" ind1=" " ind2=" ">
    <subfield code="0">0</subfield>
    <subfield code="1">0</subfield>
    <subfield code="4">0</subfield>
    <subfield code="7">0</subfield>
    <subfield code="a">BCEJYS</subfield>
    <subfield code="b">BCEJYS</subfield>
    <subfield code="c">17</subfield>
    <subfield code="d">1975-07-01</subfield>
    <subfield code="h">A&#xF1;o XXIII, N&#xBA; 271 - jul.1975</subfield>
    <subfield code="l">0</subfield>
    <subfield code="o">H349.2 LEG 271</subfield>
    <subfield code="p">R05847</subfield>
    <subfield code="r">2026-04-10 16:07:12</subfield>
    <subfield code="w">2026-04-10</subfield>
    <subfield code="y">RN</subfield>
  </datafield>
  <datafield tag="952" ind1=" " ind2=" ">
    <subfield code="0">0</subfield>
    <subfield code="1">0</subfield>
    <subfield code="4">0</subfield>
    <subfield code="7">0</subfield>
    <subfield code="a">BCEJYS</subfield>
    <subfield code="b">BCEJYS</subfield>
    <subfield code="c">17</subfield>
    <subfield code="d">1974-09-01</subfield>
    <subfield code="h">A&#xF1;o XXII, N&#xBA; 261 - set. 1974</subfield>
    <subfield code="l">0</subfield>
    <subfield code="o">H349.2 LEG 261</subfield>
    <subfield code="p">R05846</subfield>
    <subfield code="r">2026-04-10 16:07:12</subfield>
    <subfield code="w">2026-04-10</subfield>
    <subfield code="y">RN</subfield>
  </datafield>
  <datafield tag="952" ind1=" " ind2=" ">
    <subfield code="0">0</subfield>
    <subfield code="1">0</subfield>
    <subfield code="4">0</subfield>
    <subfield code="7">0</subfield>
    <subfield code="a">BCEJYS</subfield>
    <subfield code="b">BCEJYS</subfield>
    <subfield code="c">17</subfield>
    <subfield code="d">1974-08-01</subfield>
    <subfield code="h">A&#xF1;o XXII, N&#xBA; 260 - ago. 1974</subfield>
    <subfield code="l">0</subfield>
    <subfield code="o">H349.2 LEG 260</subfield>
    <subfield code="p">R05845</subfield>
    <subfield code="r">2026-04-10 16:07:12</subfield>
    <subfield code="w">2026-04-10</subfield>
    <subfield code="y">RN</subfield>
  </datafield>
  <datafield tag="952" ind1=" " ind2=" ">
    <subfield code="0">0</subfield>
    <subfield code="1">0</subfield>
    <subfield code="4">0</subfield>
    <subfield code="7">0</subfield>
    <subfield code="a">BCEJYS</subfield>
    <subfield code="b">BCEJYS</subfield>
    <subfield code="c">17</subfield>
    <subfield code="d">1974-07-01</subfield>
    <subfield code="h">A&#xF1;o XXII, N&#xBA; 259 - jul. 1974</subfield>
    <subfield code="l">0</subfield>
    <subfield code="o">H349.2 LEG 259</subfield>
    <subfield code="p">R05844</subfield>
    <subfield code="r">2026-04-10 16:07:12</subfield>
    <subfield code="w">2026-04-10</subfield>
    <subfield code="y">RN</subfield>
  </datafield>
  <datafield tag="952" ind1=" " ind2=" ">
    <subfield code="0">0</subfield>
    <subfield code="1">0</subfield>
    <subfield code="4">0</subfield>
    <subfield code="7">0</subfield>
    <subfield code="a">BCEJYS</subfield>
    <subfield code="b">BCEJYS</subfield>
    <subfield code="c">17</subfield>
    <subfield code="d">1974-02-01</subfield>
    <subfield code="h">A&#xF1;o XXII, N&#xBA; 254 - feb. 1974</subfield>
    <subfield code="l">0</subfield>
    <subfield code="o">H349.2 LEG 254</subfield>
    <subfield code="p">R05843</subfield>
    <subfield code="r">2026-04-10 16:07:12</subfield>
    <subfield code="w">2026-04-10</subfield>
    <subfield code="y">RN</subfield>
  </datafield>
  <datafield tag="952" ind1=" " ind2=" ">
    <subfield code="0">0</subfield>
    <subfield code="1">0</subfield>
    <subfield code="4">0</subfield>
    <subfield code="7">0</subfield>
    <subfield code="a">BCEJYS</subfield>
    <subfield code="b">BCEJYS</subfield>
    <subfield code="c">17</subfield>
    <subfield code="d">1974-01-01</subfield>
    <subfield code="h">A&#xF1;o XXII, N&#xBA; 253 - ene. 1974</subfield>
    <subfield code="l">0</subfield>
    <subfield code="o">H349.2 LEG 253</subfield>
    <subfield code="p">R05842</subfield>
    <subfield code="r">2026-04-10 16:07:12</subfield>
    <subfield code="w">2026-04-10</subfield>
    <subfield code="y">RN</subfield>
  </datafield>
</record>
